[Event "SLO-ch U18"]
[Site "?"]
[Date "1994.??.??"]
[Round "?"]
[White "Bergant, Robert"]
[Black "Pavasovic, Dusko"]
[Result "1/2-1/2"]
[WhiteElo "1910"]
[BlackElo "2320"]

1.c4 e6 2.Nf3 d5 3.g3 Nf6 4.Bg2 dxc4 5.Qa4+ Nbd7 6.Qxc4 c5 7.O-O b6 8.Qc2 Bb7
9.Nc3 Be7 10.b3 O-O 11.Bb2 Rc8 12.d3 a6 13.a4 Nd5 14.Rac1 Bc6 15.Qd2 b5 16.axb5 axb5
17.Ne4 h6 18.Ne5 Nxe5 19.Bxe5 Nb4 20.Bb2 Bd5 21.Qd1 Qb6 22.Nc3 Bxg2 23.Kxg2 Rfd8
24.Qe1 c4 25.dxc4 bxc4 26.bxc4 Rxc4 27.f3 Bg5 28.Na4 Qc6 29.Rxc4 Qxc4 30.Qc3 Qxc3
31.Bxc3 Nd5 32.Bd4 Be3 33.Be5 f6 34.Bb2 Rc8 35.Rb1 Rc4 36.Ra1 Rc2 37.Kf1 Kh7
38.h3 h5 39.h4 Kg6 40.Rb1 Kf5 41.Rd1 g5 42.hxg5 fxg5 43.Rd3 h4 44.gxh4 gxh4
45.Nc3 Rxb2 46.Nxd5 Bc5 47.Nc3 h3 48.Rd1 h2 49.Kg2 Bb4 50.Ne4 Rxe2+ 51.Kh1 Rb2
52.Rf1 Kf4 53.Nf2 Rd2 54.Ne4 Re2 55.Nf2 Bd6 56.Ng4 Kg3 57.Nf6 Be5 58.Ne4+ Kf4
59.Nc5 Bd4 60.Nd3+ Kg3 61.Ne1 e5 62.f4 Bf2 63.Ng2 e4 64.f5 e3 65.f6 Rd2 66.Nxe3 Bxe3
67.f7 Bh6  1/2-1/2

[Event "Wch U26"]
[Site "Sofia"]
[Date "1994.??.??"]
[Round "2"]
[White "Sichinava, Roman"]
[Black "Mukhametov, Eldar"]
[Result "0-1"]
[WhiteElo "2380"]
[BlackElo "2390"]

1.c4 e6 2.Nf3 d5 3.d4 c6 4.Nbd2 Nf6 5.e3 Nbd7 6.b3 Bd6 7.Bb2 Qe7 8.Be2 e5
9.dxe5 Nxe5 10.O-O O-O 11.cxd5 Nxd5 12.Nc4 Nxc4 13.bxc4 Nc7 14.Qc2 Bg4 15.Rad1 Rad8
16.Rd4 Bh5 17.Rfd1 Ne6 18.R4d2 Bc5 19.Ne5 Bxe2 20.Rxe2 Ba3 21.Bxa3 Rxd1+
22.Qxd1 Qxa3 23.Rd2 Qc3 24.Nd7 Rd8 25.c5 Re8 26.Rc2 Qa5 27.h3 Rd8 28.Rd2 Re8
29.Qc2 h6 30.Rd3 Qe1+ 31.Kh2 Qa5 32.f4 Nc7 33.e4 Ne6 34.Rg3 Rd8 35.Nf6+ Kf8
36.Nh7+ Kg8 37.e5 Kh8  0-1

[Event "St Petersburg op2"]
[Site "St Petersburg"]
[Date "1994.??.??"]
[Round "9"]
[White "Dyachkov, Sergej"]
[Black "Dokuchaev, Aleksander"]
[Result "1/2-1/2"]
[WhiteElo "2510"]
[BlackElo "2415"]

1.c4 e6 2.Nf3 d5 3.g3 g6 4.Bg2 Bg7 5.O-O Ne7 6.d4 Nbc6 7.e3 O-O 8.Nc3 dxc4
9.Qa4 e5 10.Nxe5 Nxe5 11.dxe5 c6 12.Qxc4 Bxe5 13.e4 Be6 14.Qe2 b5 15.Rd1 Qa5
16.Qc2 Rac8 17.Be3 c5 18.f4 Bg7 19.a4 Bd4 20.Qf2 Bxe3 21.Qxe3 b4 22.Nb5 a6
23.Nd6 Rcd8 24.f5 gxf5 25.Qg5+ Ng6 26.exf5 c4 27.Qf6 Qb6+ 28.Qd4 Rxd6 29.Qxb6 Rxb6
30.fxe6 fxe6 31.a5 Rb5 32.Rd6 Rc8 33.Rxa6 c3 34.bxc3 bxc3 35.Rb6 Rxa5 36.Rxa5 c2
37.Ra1 c1=Q+ 38.Rxc1 Rxc1+ 39.Bf1 Kf7 40.Kf2 Rc2+ 41.Be2 Ne7 42.Ke1 Kf6 43.Rb4 Nf5
44.g4 Ne7 45.Rf4+ Ke5 46.Rf7 Nd5 47.Rxh7 Nf4 48.Bf1 Ke4 49.g5 Rb2 50.Ba6 Ra2
51.Bb5 Rb2 52.Ba6 Ra2 53.Bb5 Rb2 54.Ba6  1/2-1/2

[Event "Stockholm op2"]
[Site "Stockholm"]
[Date "1994.??.??"]
[Round "1"]
[White "Webster, Andrew"]
[Black "Engedal, Kim Nikolai"]
[Result "1-0"]
[WhiteElo "2395"]
[BlackElo "2225"]

1.c4 e6 2.Nf3 d5 3.b3 d4 4.Bb2 c5 5.b4 Nf6 6.e3 dxe3 7.fxe3 cxb4 8.d4 Nbd7
9.Nbd2 Qc7 10.Bd3 Bd6 11.Qe2 O-O 12.O-O h6 13.e4 e5 14.c5 Be7 15.Nc4 exd4
16.e5 Nh7 17.Nd6 Nxc5 18.Rac1 b6 19.Rxc5 bxc5 20.Qe4 g6 21.Nxf7 Bf5 22.Nxh6+ Kh8
23.Nxf5 gxf5 24.Qf4 Qd7 25.Bc4 Qd8 26.Bc1 Qe8 27.Qh6 Rb8 28.Bf4 Rb6 29.e6 Rf6
30.Be5 Qf8 31.Qg6 Qg7 32.Qe8+ Qf8 33.Qd7 Kg8 34.Qxa7 Rc6 35.Nh4 Rc8 36.Rf3 f4
37.Qb7 Rd8 38.g3 Ng5 39.Rf1 f3 40.Bxf6 Qxf6 41.Nxf3 d3 42.Nxg5 Qxg5 43.Qf3 d2
44.Kg2 Rf8 45.Qxf8+  1-0

[Event "Rilton Cup9495"]
[Site "Stockholm"]
[Date "1994.??.??"]
[Round "6"]
[White "Degerman, Lars"]
[Black "Bellon Lopez, Juan Manuel"]
[Result "0-1"]
[WhiteElo "2490"]
[BlackElo "2480"]

1.c4 e6 2.Nf3 d5 3.b3 Nf6 4.g3 g6 5.Bb2 Bg7 6.Bg2 O-O 7.O-O b6 8.d4 Bb7 9.Nc3 Nc6
10.Ne5 Nxe5 11.dxe5 Ng4 12.cxd5 exd5 13.Nxd5 Nxe5 14.Rc1 Nf3+ 15.Bxf3 Bxb2
16.Rc2 Be5 17.Rd2 c6 18.Nb4 Qf6 19.Qc2 Bc3 20.Rd7 Bc8 21.Rc7 Bxb4 22.Rxc6 Be6  0-1

[Event "Stockholm op2"]
[Site "Stockholm"]
[Date "1994.??.??"]
[Round "8"]
[White "Webster, Andrew"]
[Black "Boim, Inon"]
[Result "1/2-1/2"]
[WhiteElo "2395"]
[BlackElo "2345"]

1.c4 e6 2.Nf3 d5 3.b3 Nf6 4.g3 Be7 5.Bg2 O-O 6.O-O b6 7.Bb2 Bb7 8.e3 Nbd7
9.Nc3 Rc8 10.Rc1 c5 11.cxd5 Nxd5 12.Nxd5 Bxd5 13.d4 cxd4 14.Nxd4 Rxc1 15.Qxc1 Bxg2
16.Kxg2 Nc5 17.Qc4 Qa8+ 18.f3 a5 19.Rc1 Rd8 20.Rc2 Bf6 21.Qb5 Rd6 22.Bc3 Nd7
23.Bb2  1/2-1/2

[Event "SVK-chT"]
[Site "?"]
[Date "1994.??.??"]
[Round "?"]
[White "Zahorsky, Robert"]
[Black "Pokorna, Regina"]
[Result "0-1"]
[WhiteElo "2060"]
[BlackElo "2000"]

1.c4 e6 2.Nf3 d5 3.d4 c5 4.e3 Nf6 5.Be2 Nc6 6.O-O Be7 7.Nc3 O-O 8.a3 b6 9.Ne5 Bb7
10.cxd5 exd5 11.f4 cxd4 12.Nxc6 Bxc6 13.exd4 Ne4 14.f5 Bd6 15.Bf4 Re8 16.Bd3 Qf6
17.Bc2 Nxc3 18.bxc3 Bxf4 19.Rxf4 Re3 20.Rf3 Qh6 21.Qf1 Rae8 22.Bd3 Rxf3 23.Qxf3 Qd2
24.f6 g6 25.Bf1 Re3 26.Qg4 Qxc3 27.Qh4 Re4 28.Qh6 Qxd4+ 29.Kh1 Qxf6 30.Qd2 Qxa1  0-1

[Event "SVK-chT"]
[Site "?"]
[Date "1994.??.??"]
[Round "?"]
[White "Banas, Jan"]
[Black "Pcola, Pavel"]
[Result "1-0"]
[WhiteElo "2380"]
[BlackElo "2275"]

1.c4 e6 2.Nf3 d5 3.g3 c6 4.b3 Nf6 5.Bg2 Nbd7 6.Bb2 b5 7.O-O bxc4 8.bxc4 Rb8
9.Qc2 Bd6 10.d3 O-O 11.Nbd2 Qe7 12.Nd4 Bb7 13.Rab1 c5 14.Nb5 d4 15.Nxa7 Bxg2
16.Kxg2 Ra8 17.Nb5 Rxa2 18.Ra1 Rxa1 19.Rxa1 h5 20.Nf3 Bb8 21.Bc1 Ng4 22.Qd2 f6
23.Qa5 f5 24.Qa6 f4 25.Qb7 fxg3 26.hxg3 Qf7 27.Bg5 Nge5 28.Qe4 Nxf3 29.exf3 Ne5
30.Bf4 Ng6 31.Bxb8 Rxb8 32.Ra6 Nf8 33.Rc6 Nd7 34.Rxe6 Nf6 35.Qe5 Rf8 36.Nd6 Qg6
37.Ne4 Qf7 38.Re7 Qg6 39.Qxc5 h4 40.Nxf6+ Rxf6 41.Qd5+ Kh8 42.Re4  1-0

[Event "SWZ-chT"]
[Site "SWZ"]
[Date "1994.??.??"]
[Round "6"]
[White "Maeser, Fabian"]
[Black "Kelecevic, Nedeljko"]
[Result "0-1"]
[WhiteElo "2245"]
[BlackElo "2450"]

1.c4 e6 2.Nf3 d5 3.b3 Nf6 4.g3 Be7 5.Bg2 O-O 6.O-O c5 7.Bb2 d4 8.e3 Nc6 9.exd4 cxd4
10.Re1 Ne8 11.d3 f6 12.Ba3 e5 13.Bxe7 Qxe7 14.Nbd2 Nc7 15.a3 a5 16.Qc2 Na6
17.Ne4 Be6 18.c5 Rad8 19.Rac1 Kh8 20.h4 Bd5 21.Nfd2 h6 22.Bh3 Bg8 23.Bf5 Bh7
24.Bxh7 Kxh7 25.Qc4 Qd7 26.Nf3 Qd5 27.Kg2 Rd7 28.h5 Rdd8 29.Qxd5 Rxd5 30.g4 Rc8
31.Rc4 Nd8 32.b4 axb4 33.axb4 Ne6 34.Rd1 Ra8 35.Ra1 Nf4+ 36.Kf1 Rdd8 37.b5 Nc7
38.Rxa8 Rxa8 39.b6 Ncd5 40.Ne1 Ra1 41.c6 bxc6 42.b7 Rb1 43.Nd6 e4 44.Nxe4 Rxb7
45.Rxd4 Rb1 46.Nc3 Rb4 47.Rxb4 Nxb4 48.d4 f5 49.f3 Ne6 50.Ne2 fxg4 51.fxg4 Kg8
52.Kf2 Kf7 53.Nf3 Kf6 54.Kg3 Nc2 55.Kf2 Ke7 56.Kg3 Kd6 57.Kh4 Kd5 58.g5 Ncxd4
59.Nexd4 Nxd4 60.Nd2 c5 61.gxh6 gxh6 62.Kg4 c4 63.Nb1 Ke5 64.Nc3 Nf5 65.Kf3 Ng7  0-1

[Event "ISR-ch"]
[Site "Tel Aviv"]
[Date "1994.??.??"]
[Round "10"]
[White "Psakhis, Lev"]
[Black "Huzman, Alexander"]
[Result "1/2-1/2"]
[WhiteElo "2605"]
[BlackElo "2575"]

1.c4 e6 2.Nf3 d5 3.d4 Nf6 4.g3 Bb4+ 5.Bd2 Be7 6.Bg2 c6 7.Qc2 O-O 8.O-O b6
9.Rd1 Ba6 10.b3 Nbd7 11.Bf4 Rc8 12.Nc3 dxc4 13.e4 b5 14.bxc4 bxc4 15.d5 cxd5
16.exd5 exd5 17.Nxd5 Nxd5 18.Rxd5 Bb7 19.Rdd1 Qe8 20.Re1 Bxf3 21.Bxf3 Nc5
22.Qxc4 Ne6 23.Qe4 Bf6 24.Rab1 Nxf4 25.Qxf4 Qd8  1/2-1/2

[Event "Val Thorens Principal"]
[Site "Val Thorens"]
[Date "1994.??.??"]
[Round "7"]
[White "Bellemo, Luca"]
[Black "Lalic, Susan"]
[Result "1/2-1/2"]
[WhiteElo "2240"]
[BlackElo "2375"]

1.c4 e6 2.Nf3 d5 3.g3 Nf6 4.Bg2 Be7 5.O-O O-O 6.b3 c5 7.Bb2 Nc6 8.e3 b6 9.Nc3 dxc4
10.bxc4 Bb7 11.Qe2 Rc8 12.Rfd1 Qc7 13.Rac1 Qb8 14.d4 cxd4 15.exd4 Na5 16.Ne5 Bxg2
17.Kxg2 Bd6 18.Nb5 Rfd8 19.Nxd6 Qxd6 20.Qf3 h6 21.Ba3 Qc7 22.Bb4 Nb7 23.a4 Nd6
24.d5 Nde4 25.Nc6 e5 26.Nxd8 Rxd8 27.Re1 Ng5 28.Qf5 Nd7 29.Be7 g6 30.Qg4 f5
31.Qh4 Kg7 32.Bxg5 hxg5 33.Qxg5 Nf6 34.f3 Rh8 35.Qe3 e4 36.fxe4 Nxe4 37.Qd4+ Kg8
38.Rxe4 fxe4 39.Qxe4 Kg7 40.Re1 Rc8 41.Qe7+ Qxe7 42.Rxe7+ Kf6 43.Rxa7 Rxc4
44.Ra6 Kf5 45.Rxb6 Rxa4 46.h4 Rd4 47.Rd6 Rd3 48.Kh3 g5 49.hxg5 Kxg5 50.Rd8 Rd4
51.d6 Kf6 52.g4 Rd3+ 53.Kh4 Kg6 54.d7 Kg7 55.Kg5 Rd5+ 56.Kf4 Rd1 57.g5 Rf1+  1/2-1/2

[Event "Val Thorens Principal"]
[Site "Val Thorens"]
[Date "1994.??.??"]
[Round "8"]
[White "Boutroy, Alexis"]
[Black "Bellemo, Luca"]
[Result "0-1"]
[WhiteElo "1660"]
[BlackElo "2240"]

1.c4 e6 2.Nf3 d5 3.g3 Nf6 4.Bg2 Be7 5.O-O O-O 6.b3 c5 7.cxd5 Nxd5 8.Bb2 b6
9.a3 Bb7 10.d3 Nd7 11.Nbd2 b5 12.Rc1 Rc8 13.Qc2 Bf6 14.Ne4 Be7 15.Qb1 f5
16.Ned2 Qe8 17.Ne5 Nxe5 18.Bxe5 Qh5 19.Qb2 Qh6 20.Nf3 f4 21.d4 fxg3 22.hxg3 Nf6
23.Qd2 Qh5 24.Qg5 Bxf3  0-1

[Event "LTU-ch  Vilnius"]
[Site "Vilnius"]
[Date "1994.??.??"]
[Round "6"]
[White "Butnorius, Algimantas"]
[Black "Grabliauskas, Virginijus"]
[Result "1-0"]
[WhiteElo "2450"]
[BlackElo "2340"]

1.c4 e6 2.Nf3 d5 3.g3 Nf6 4.Bg2 dxc4 5.O-O a6 6.a4 Nc6 7.Qc2 Na5 8.Na3 Qd5
9.Rd1 Bd6 10.d3 cxd3 11.Rxd3 Qh5 12.Bd2 O-O 13.h3 Nc6 14.g4 Qc5 15.Rc3 Qa7
16.Be3 Nb4 17.Qb1 Qb8 18.Rc1 Bd7 19.Nc4 Bc6 20.b3 Be4 21.Qb2 Nfd5 22.Bd2 Bf4
23.Nfe5 Bxg2 24.Kxg2 Qe8 25.e4 Bxd2 26.Qxd2 a5 27.exd5 exd5 28.Nxa5 c5 29.Nxb7 Qxe5
30.Nxc5 Rfb8 31.Nd7 Qe4+ 32.f3 Qd3 33.Qxd3 Nxd3 34.Nxb8 Nxc1 35.Rxc1 Rxb8
36.b4 Kf8 37.b5 Ke7 38.Kf2 Ra8 39.Ra1 Kd6 40.a5 Kc5 41.b6 Kc6  1-0

[Event "Wattens op"]
[Site "Wattens"]
[Date "1994.??.??"]
[Round "3"]
[White "Ramroth, Stefan"]
[Black "Pieper, Harald"]
[Result "1-0"]
[WhiteElo "1920"]
[BlackElo "1700"]

1.c4 e6 2.Nf3 d5 3.b3 Nf6 4.Bb2 Be7 5.e3 O-O 6.Be2 c5 7.O-O Nc6 8.d3 d4 9.exd4 cxd4
10.Nbd2 e5 11.a3 a5 12.Ne1 Bd6 13.Bf3 Bf5 14.Ne4 Nxe4 15.dxe4 Be6 16.Qc2 Qe7
17.Nd3 Rac8 18.c5 Bb8 19.b4 f6 20.b5 Nd8 21.Qa4 Bc7 22.Rfc1 b6 23.cxb6 Bxb6
24.Rxc8 Bxc8 25.Rc1 Bb7 26.Qb3+ Qe6 27.Qd1 Qe7 28.a4 Nf7 29.Qb3 Rc8 30.Rxc8+ Bxc8
31.Qc4 Qe6 32.Qc1 Nd6 33.Bd1 Bb7 34.f3 Qc8 35.Bb3+ Kh8 36.Qxc8+ Bxc8 37.Ba3 Nb7
38.Kf1 g5 39.h3 h5 40.Ke2 g4 41.hxg4 hxg4 42.Bd5 Kg7 43.Be7 gxf3+ 44.gxf3 Bc7
45.Nc5 Nxc5 46.Bxc5 Bd7 47.Ba7 Bd6 48.Bb6 f5 49.Bxa5 fxe4 50.fxe4 Bg4+ 51.Kd2 Be7
52.Bc7 Bb4+ 53.Kd3 Kf6 54.b6 Bc5 55.b7 Ba7 56.b8=Q Bxb8 57.Bxb8 Bd7 58.a5 Bh3
59.Kd2  1-0

[Event "Werfen op"]
[Site "Werfen"]
[Date "1994.??.??"]
[Round "?"]
[White "Lada, Ireneusz"]
[Black "Koenig, Dietrich"]
[Result "0-1"]
[WhiteElo "1950"]
[BlackElo "2255"]

1.c4 e6 2.Nf3 d5 3.b3 c5 4.Bb2 Nc6 5.e3 Nf6 6.Be2 Bd6 7.O-O O-O 8.cxd5 exd5
9.d4 cxd4 10.Nxd4 Re8 11.Nd2 Bc7 12.Rc1 Qd6 13.N2f3 a6 14.Nxc6 bxc6 15.Qc2 Bd7
16.g3 Ne4 17.Nd2 f5 18.Bf3 a5 19.Rfd1 Qe7 20.Nf1 a4 21.Bd4 axb3 22.axb3 Bd6
23.Bg2 Rab8 24.f3 Ng5 25.Ba1 Rb7 26.Rd3 Bb8 27.Kh1 Rb5 28.Nd2 Ba7 29.h4 Nf7
30.Nf1 Ne5 31.Rdd1 Qf7 32.Bd4 Bb8 33.Ra1 Qh5 34.f4 Ng4 35.Re1 Qf7 36.Bf3 Qe7
37.Be2 Rb4 38.Bc5 Qe4+ 39.Qxe4 Rbxe4 40.Bd4 Bd6 41.Ra7 R4e7 42.Rc1 Nf2+ 43.Kg2 Ne4
44.Bd3 Rb8 45.Bc2 c5 46.Ba1 Bc6 47.Rxe7 Bxe7 48.Be5 Rd8 49.Kh2 d4 50.exd4 cxd4
51.Rd1 Bb5 52.Kg2 Bc5 53.b4 Bb6 54.Bb3+ Kf8 55.Nh2 Be2 56.Ra1 d3 57.Bd1 Bxd1
58.Rxd1 Nf2 59.Rd2 Be3 60.Rxf2 Bxf2 61.Kxf2 d2  0-1

[Event "Werfen op"]
[Site "Werfen"]
[Date "1994.??.??"]
[Round "?"]
[White "Piven, Igor"]
[Black "Koenig, Dietrich"]
[Result "1-0"]
[WhiteElo "2320"]
[BlackElo "2255"]

1.c4 e6 2.Nf3 d5 3.d4 c5 4.cxd5 exd5 5.g3 Nc6 6.Bg2 Nf6 7.O-O Be7 8.Nc3 O-O
9.Bg5 cxd4 10.Nxd4 h6 11.Be3 Re8 12.Rc1 Bg4 13.Nxc6 bxc6 14.Na4 Qa5 15.f3 Bf5
16.Bc5 Qb5 17.e3 Nd7 18.Bxe7 Rxe7 19.Qd4 Rae8 20.Rfe1 Ne5 21.Nc5 a5 22.Kf2 Qb4
23.Bf1 g5 24.h3 Rb8 25.b3 Qa3 26.g4 Bc8 27.Rc2 Qb4 28.Rd1 Qxd4 29.Rxd4 Rb4
30.Nd3 Nxd3+ 31.Bxd3 Rb6 32.Rc5 Ba6 33.Bf5 Bb5 34.e4 a4 35.b4 Bc4 36.a3 Kf8
37.Ra5 Kg7 38.Rxa4 c5 39.Rd2 cxb4 40.Rxb4 Rxb4 41.axb4 dxe4 42.Bxe4 Kf6 43.Rc2 Bb3
44.Rb2  1-0

[Event "Werfen op"]
[Site "Werfen"]
[Date "1994.??.??"]
[Round "?"]
[White "Kraschl, Joerg"]
[Black "Neckar, Lubomir"]
[Result "1-0"]
[WhiteElo "2210"]
[BlackElo "2360"]

1.c4 e6 2.Nf3 d5 3.b3 Nf6 4.g3 Be7 5.Bg2 c5 6.Bb2 O-O 7.O-O Nc6 8.e3 Qa5
9.Qe2 Rd8 10.d3 Bd7 11.Nc3 Rac8 12.Rfd1 h6 13.a3 Be8 14.cxd5 exd5 15.d4 Ne4
16.Nxe4 dxe4 17.Ne5 cxd4 18.Nxc6 Bxc6 19.Bxd4 Qf5 20.Qb2 Bf8 21.Bf1 Rd6 22.Rac1 Rcd8
23.b4 Bb5 24.Bxb5 Qxb5 25.Rc7 Rb6 26.Rdc1 Qh5 27.h4 g5 28.Rc8 Rxc8 29.Rxc8 Qd1+
30.Kh2 Rg6 31.Bf6 gxh4 32.Bxh4 Qd7 33.Rd8 Qe6 34.Qd4 Qf5 35.Kg1 h5 36.Be7  1-0

[Event "CAN-op"]
[Site "Winnipeg"]
[Date "1994.??.??"]
[Round "9"]
[White "Arnason, Jon L"]
[Black "Johnstone, Glenn"]
[Result "1-0"]
[WhiteElo "2520"]
[BlackElo "2305"]

1.c4 e6 2.Nf3 d5 3.g3 Nf6 4.Bg2 Nbd7 5.b3 Bd6 6.Bb2 O-O 7.O-O c6 8.Nc3 Re8
9.d4 b6 10.Qc2 Bb7 11.e4 c5 12.exd5 exd5 13.cxd5 Nxd5 14.Nxd5 Bxd5 15.dxc5 Rc8
16.Qd2 Bxf3 17.cxd6 Re2 18.Qd4 Ne5 19.Rac1 h5 20.Ba1 Rxc1 21.Rxc1 Bxg2 22.Kxg2 Qa8+
23.Kh3 Qf3 24.Qf4 Rxf2 25.Qxf3 Nxf3 26.g4 h4 27.g5 Nxg5+ 28.Kxh4 Ne6 29.Be5 f5
30.Rd1 Kf7 31.d7 Ke7 32.Bc7 Nd8 33.Kg3 Rc2 34.Bf4 Ne6 35.Bg5+ Kf7 36.Rd6 Rc7
37.d8=Q Nxd8 38.Rxd8 Ke6 39.Bf4 Rc3+ 40.Kh4 Rc2 41.Rd6+ Kf7 42.Rd7+ Kf6 43.Rxa7 Rg2
44.Kh3  1-0

[Event "Wuerzburg op"]
[Site "Wuerzburg"]
[Date "1994.??.??"]
[Round "4"]
[White "Ivanov, Mikhail M"]
[Black "Barsov, Alexei"]
[Result "1/2-1/2"]
[WhiteElo "2515"]
[BlackElo "2450"]

1.c4 e6 2.Nf3 d5 3.g3 dxc4 4.Qa4+ Nd7 5.Qxc4 c5 6.Bg2 b6 7.a4 Bb7 8.O-O Ngf6
9.d3 Be7 10.Qb3 O-O 11.Na3 Bc6 12.Nc4 Qc8 13.Bd2 Qb7 14.Rfc1 Rfd8 15.a5 Ne8
16.Bf4 Rac8 17.axb6 axb6 18.e4 Nc7 19.Bg5 Kf8 20.Bxe7+ Kxe7 21.Nd4 Ra8 22.Rxa8 Rxa8
23.Nxc6+ Qxc6 24.e5 Qa4 25.Qc3 Nb5 26.Qd2 Nd4 27.Bxa8 Qxa8 28.Qe3 Nf3+ 29.Kf1 Ndxe5
30.Nxe5 Nxe5 31.Qe4 Nc6 32.Qxh7 Nd4 33.Qh4+ Kd6 34.Qe4 Qa2 35.b4 Nb3 36.bxc5+ bxc5
37.Rd1 Nd2+  1/2-1/2

[Event "Zalakaros op"]
[Site "Zalakaros"]
[Date "1994.??.??"]
[Round "8"]
[White "Richter, Gerald"]
[Black "Portisch, Gabor"]
[Result "0-1"]
[WhiteElo "2205"]
[BlackElo "2290"]

1.c4 e6 2.Nf3 d5 3.g3 c5 4.cxd5 exd5 5.d4 Nc6 6.Bg2 Qb6 7.O-O cxd4 8.Nbd2 g6
9.Nb3 Bg7 10.e3 dxe3 11.Bxe3 Qd8 12.Re1 Nge7 13.Qd2 O-O 14.Bh6 Bxh6 15.Qxh6 Nf5
16.Qd2 Qf6 17.Rad1 Rd8 18.Qf4 Kg7 19.Rd2 h6 20.h4 Nfe7 21.Qe3 Rd6 22.Nbd4 Be6
23.Qa3 Rd7 24.Nxe6+ fxe6 25.Rde2 Kf7 26.Rxe6 Qxe6 27.Rxe6 Kxe6 28.Qe3+ Kd6
29.Qf4+ Kc5 30.Bh3 Rdd8 31.b4+ Kb6 32.a4 a6 33.a5+ Ka7 34.Qxh6 d4 35.Nd2 Nxb4
36.Qg7 Nbc6 37.Qf6 Rf8 38.Qd6 Rad8 39.Qc5+ Kb8 40.Be6 Rf6 41.Bg4 Rd5 42.Qc2 Rxa5
43.Ne4 Rf8 44.Qd2 Rd8 45.Qf4+ Ne5 46.Be6 d3 47.Nd2 Nc6  0-1

[Event "Zuerich op"]
[Site "Zuerich"]
[Date "1994.??.??"]
[Round "?"]
[White "Titz, Heimo"]
[Black "Donev, Ivo Hristov"]
[Result "1/2-1/2"]
[WhiteElo "2330"]
[BlackElo "2385"]

1.c4 e6 2.Nf3 d5 3.d4 Be7 4.Nc3 Nf6 5.Bg5 h6 6.Bh4 O-O 7.e3 b6 8.Rc1 Bb7
9.Bxf6 Bxf6 10.cxd5 exd5 11.b4 c6 12.Be2 Qd6 13.Qb3 Nd7 14.O-O a5 15.a3 axb4
16.axb4 Rfe8 17.Rfd1 b5 18.Ne1 Nb6 19.Nd3 Bc8 20.Nc5 Bf5 21.Ra1 Nc4 22.Bxc4 bxc4
23.Qb2 Be7 24.Rxa8 Rxa8 25.Ra1 Qb8 26.Rxa8 Qxa8 27.Qa2 Qxa2 28.Nxa2 Kf8 29.Nc3 Ke8
30.Kf1 Kd8 31.Ke1 Kc7 32.Kd2 h5 33.f4 h4 34.g3 g5 35.fxg5 hxg3 36.hxg3 Bxg5
37.Ne2 Kb6 38.Nc3 Bg4 39.N5a4+ Ka6 40.Nc5+ Kb6 41.N5a4+ Kc7 42.Nc5 Bh6 43.Na6+ Kd6
44.Nc5 Bf3 45.Nb7+ Ke7 46.Na5 Kd7 47.Nb7 Bf8 48.Nc5+ Kc7 49.Ke1  1/2-1/2

[Event "Andorra op"]
[Site "Andorra"]
[Date "1995.??.??"]
[Round "8"]
[White "Forintos, Gyozo V"]
[Black "Mora Manez, Julio"]
[Result "1-0"]
[WhiteElo "2485"]
[BlackElo "2180"]

1.c4 e6 2.Nf3 d5 3.g3 c6 4.b3 f5 5.Bg2 Nf6 6.O-O Bd6 7.d4 Qe7 8.Bb2 O-O 9.Qc1 b6
10.Ba3 Bxa3 11.Nxa3 Bb7 12.Qb2 a5 13.Rac1 Na6 14.e3 Rac8 15.Rfd1 Rfd8 16.Ne5 c5
17.Nb5 cxd4 18.exd4 Ne4 19.a3 Nd6 20.Na7 Rc7 21.cxd5 exd5 22.Nac6  1-0

[Event "Ankara zt"]
[Site "Ankara"]
[Date "1995.??.??"]
[Round "5"]
[White "Nikolaidis, Ioannis"]
[Black "Lputian, Smbat G"]
[Result "1/2-1/2"]
[WhiteElo "2505"]
[BlackElo "2630"]

1.c4 e6 2.Nf3 d5 3.d4 Nf6 4.Nc3 Be7 5.g3 c6 6.Bg2 Nbd7 7.b3 b5 8.c5 b4 9.Na4 a5
10.O-O Ba6 11.Re1 O-O 12.Bg5 Ne4 13.Bxe7 Qxe7 14.Nd2 f5 15.f4 g5 16.e3 Qg7
17.Nf3 Bb5 18.Bf1 Rab8 19.Bxb5 cxb5 20.Nb2 gxf4 21.exf4 Ndxc5 22.dxc5 Qxb2
23.Re2 Qc3 24.Rc2 Qe3+ 25.Kg2 Rfc8 26.Qd4 Qxd4 27.Nxd4 Rxc5 28.Rxc5 Nxc5
29.Rc1 Ne4 30.Rc6 Nc3 31.a3 bxa3 32.Rxc3 b4 33.Rc2 a4 34.Kf2 h5 35.Ke2 Kf7
36.Kd2 h4 37.Rc7+ Kf6 38.Rc2  1/2-1/2

[Event "AUT-chT2W 9596"]
[Site "Austria"]
[Date "1995.??.??"]
[Round "?"]
[White "Duer, Arne"]
[Black "Srienz, Christian"]
[Result "1-0"]
[WhiteElo "2415"]
[BlackElo "2070"]

1.c4 e6 2.Nf3 d5 3.d4 c5 4.cxd5 exd5 5.g3 Nc6 6.Bg2 Nf6 7.O-O Be7 8.dxc5 Bxc5
9.Bg5 O-O 10.Nc3 d4 11.Bxf6 Qxf6 12.Nd5 Qd8 13.Nd2 Re8 14.Re1 a6 15.Rc1 Ba7
16.a3 Bg4 17.Nc4 Rc8 18.Nf4 b5 19.Nd2 d3 20.Nxd3 Rxe2 21.Rxe2 Qxd3 22.Rxc6 Rd8
23.Bf1 h5 24.Rc3 Qd4 25.Rce3 Qd7 26.Qc2 g6  1-0

[Event "AUT-chT9495"]
[Site "?"]
[Date "1995.??.??"]
[Round "?"]
[White "Horvath, Gyula"]
[Black "Hoelzl, Franz"]
[Result "1/2-1/2"]
[WhiteElo "2455"]
[BlackElo "2355"]

1.c4 e6 2.Nf3 d5 3.g3 dxc4 4.Qa4+ Bd7 5.Qxc4 c5 6.Bg2 Bc6 7.O-O Nf6 8.b3 Nbd7
9.Bb2 Rc8 10.d3 Be7 11.Nbd2 O-O 12.Rac1 b5 13.Qc2 Qb6 14.Qb1 Qb7 15.Qa1 Rfd8
16.Rc2 Bf8 17.Rfc1 Nd5 18.a3 N5b6 19.Ne1 Bxg2 20.Nxg2 a5 21.a4 Nd5 22.axb5 Qxb5
23.Bc3 Nb4 24.Bxb4 axb4 25.Ra2 Nf6 26.Ne3 Nd5 27.Nxd5 exd5 28.Rcc2 g6 29.Ra5 Qe8
30.Qf1 Ra8 31.Rca2 Rxa5 32.Rxa5 Qe5 33.Ra2 Re8 34.Nf3 Qf6 35.Qd1 Qc3 36.Qb1 Rc8
37.Rc2 Qf6 38.Ra2 Qb6 39.Nd2 Bh6 40.Kg2 Qc6 41.Nf3 Bg7 42.Rc2 Bc3 43.Qc1 Qf6
44.h3 h5 45.Qe3 c4 46.bxc4 dxc4 47.dxc4 Qc6 48.Qd3 Qxc4 49.Qxc4 Rxc4 50.Nd2 Rc7
51.Kf3 Rd7 52.Ne4 Be5 53.Rc5 Re7 54.Rb5 f5 55.Nc5 Bc3 56.Rb6 Kf7 57.e3 Re5
58.Nd3 Re6 59.Rb5 Rd6 60.Nxb4 Bxb4 61.Rxb4 Rd2 62.Rd4 Ra2 63.Rd6 Rb2 64.Kg2 Rb1
65.Rd2 Ra1 66.Kf3 Ra4 67.Rb2 Rc4 68.Ke2 Rc3 69.Ra2 Kf6 70.Ra6+ Kf7 71.Kd2 Rb3
72.Kc2 Rb7 73.Kc3 Rd7 74.Ra2 Ke6 75.Ra4 Rd6 76.Rd4 Rc6+ 77.Kd3 Ra6 78.Ke2 Ra2+
79.Kf3 Rb2 80.Ra4 Rc2 81.Ra6+ Kf7 82.Rd6 Ra2 83.Kg2 Rb2 84.Kf1 Ra2 85.Ke1 Kg7
86.Rd2 Ra6 87.Ke2 Kf7 88.f3 Ra3 89.Kf2 Ra4 90.Re2 Kf6 91.e4 fxe4 92.fxe4 Ke5
93.Kf3 Ra8 94.Re3 Rf8+ 95.Kg2 Ra8 96.Re2 Rf8 97.Kh2 Rf6 98.Re3 Kd4 99.Re2 Ke5
100.Kg2 Rf8 101.Re3 Ra8 102.Rf3 Kxe4 103.Rf6 Rg8  1/2-1/2

[Event "AUT-chT2S 9596"]
[Site "AUT"]
[Date "1995.??.??"]
[Round "?"]
[White "Titz, Heimo"]
[Black "Tabernig, Bernhard"]
[Result "1-0"]
[WhiteElo "2300"]
[BlackElo "2275"]

1.c4 e6 2.Nf3 d5 3.d4 c6 4.Nc3 dxc4 5.a4 Bb4 6.e3 b5 7.Bd2 a5 8.axb5 Bxc3
9.Bxc3 cxb5 10.b3 Bb7 11.bxc4 b4 12.Bb2 Nf6 13.Bd3 Nbd7 14.O-O Qc7 15.Re1 O-O
16.e4 e5 17.h3 Rfd8 18.d5 Ne8 19.c5 Nxc5 20.Bxe5 Qe7 21.Bc2 f5 22.exf5 Bxd5
23.Bd4 Qf8 24.Bxc5 Qxc5 25.Bb3 Nf6 26.Re5 h6 27.g4 Rd6 28.Rc1 Qb5 29.Nd4 Qd7
30.Ba4 Qd8 31.Qc2 Bf7 32.Nc6 Qb6 33.Ne7+ Kh7 34.Nc8 b3 35.Nxb6 bxc2 36.Nxa8 Bd5
37.Nc7 Be4 38.Nb5 Rc6 39.Rxe4 Nxe4 40.Rxc2 Rxc2 41.Bxc2 Nc5 42.Nc3  1-0

[Event "AUT-chT2O 9596"]
[Site "AUT"]
[Date "1995.??.??"]
[Round "6"]
[White "Banas, Jan"]
[Black "Blatny, Pavel"]
[Result "0-1"]
[WhiteElo "2370"]
[BlackElo "2515"]

1.c4 e6 2.Nf3 d5 3.g3 dxc4 4.Qa4+ Nd7 5.Bg2 a6 6.Qxc4 b5 7.Qc2 Bb7 8.O-O c5
9.a4 Ngf6 10.d3 Nd5 11.axb5 axb5 12.Rxa8 Qxa8 13.Na3 Bc6 14.Bd2 Be7 15.Rc1 N5b6
16.Ne1 Nd5 17.Nf3 Bf6 18.e4 N5b6 19.Be3 Be7 20.Nd2 O-O 21.Nb3 Na4 22.Bd2 Bf6
23.d4 c4 24.Na5 Bxd4 25.N3xc4 bxc4 26.Nxc6 Qxc6 27.Qxc4 Qd6 28.Bf4 e5 29.Qxa4 Nc5
30.Qxd4 Qxd4 31.Be3 Qxb2 32.Rxc5 Rd8 33.Bf3 h6 34.Kg2 Kh7 35.Rc7 Qb3 36.Be2 Rd4
37.Bxd4 exd4 38.Rd7 Qc2 39.Bf3 Qc4 40.h4 g6 41.e5 Kh8 42.Rd8+ Kg7 43.Rd7 Kf8
44.Bd5 Qb5 45.Rd6 Ke7 46.f4 Qe2+ 47.Kh3 g5 48.hxg5 hxg5 49.Rf6 d3 50.Rxf7+ Kd8
51.e6 d2 52.Rd7+ Ke8 53.Bb3 gxf4 54.gxf4 Qf3+ 55.Kh2 Qxb3 56.Rxd2 Qf3 57.Kg1 Qxf4
58.Re2 Qf3 59.Rf2 Qg4+ 60.Kf1 Qd1+ 61.Kg2 Ke7  0-1

[Event "Badenweiler op"]
[Site "Badenweiler"]
[Date "1995.??.??"]
[Round "4"]
[White "Siegel, Georg"]
[Black "Bach, Edwin"]
[Result "1-0"]
[WhiteElo "2480"]
[BlackElo "2330"]

1.c4 e6 2.Nf3 d5 3.d4 Nf6 4.Nc3 c6 5.cxd5 exd5 6.Bg5 Be7 7.Qc2 g6 8.e3 Bf5
9.Bd3 Bxd3 10.Qxd3 Nbd7 11.Bh6 Bf8 12.Bxf8 Kxf8 13.O-O Qe7 14.b4 Kg7 15.b5 cxb5
16.Qxb5 Nb6 17.a4 Rhc8 18.Rfc1 Qd6 19.Ne5 Rc7 20.a5 Nbd7 21.Nxd7 Rxd7 22.Na4 Qe7
23.Rab1 Ne4 24.Nc5 Nxc5 25.Rxc5 Rad8 26.Qb3 Qd6 27.Rb5 Qa6 28.Rc1 Rd6 29.g3 b6
30.axb6 Rxb6 31.Rxb6 axb6 32.Rc6 Qe2 33.Qxb6 Rd7 34.Qb8 Qf3 35.Qe5+ Kh6 36.Rf6 Qd1+
37.Kg2 Ra7 38.Rf4  1-0